| 000 | 01686nam a22004097a 4500 | ||
|---|---|---|---|
| 001 | 0065942 | ||
| 003 | KOHA_MİRAKIL | ||
| 005 | 20260207004622.0 | ||
| 007 | ta | ||
| 008 | 210225b2006 tu |||gr||||#0|||1|eng | | ||
| 040 |
_aTR-BiSEU _btur _cTR-BiSEU _erda |
||
| 041 | 0 |
_aeng _aota |
|
| 044 | _ctu | ||
| 050 |
_aPK6381.T8 _bC36 2006 |
||
| 100 | 0 | _aAḥmed el-Bardahī el-Āmidī. | |
| 245 | 1 |
_aCāmi'ül-Fürs/ _cAḥmed el-Bardahī el-Āmidī ; Şeyh Imām el-Bardahī ; hazırlayan Hatice Şahin. |
|
| 264 | 1 |
_a[Cambridge, MA] : _bHarvard Üniversitesi Yakındoğu Dilleri ve Medeniyetleri Bölümü _c2006 |
|
| 300 |
_a2 cilt ; _c28 cm. |
||
| 336 |
_ametin _btxt _2rdacontent |
||
| 337 |
_aaracısız _bn _2rdamedia |
||
| 338 |
_acilt _bnc _2rdacarrier |
||
| 490 | 1 |
_aDoğu dilleri ve edebiyatlarının kaynakları ; _v75-76. |
|
| 490 | 1 |
_a Türkçe kaynaklar ; _v65-66 = _a Sources of Oriental languages and literatures ; _v75-76. |
|
| 490 | 1 |
_a Turkish sources ; _v65-66 |
|
| 500 | _ac. 1. İnceleme-metin = Introduction and textual edition | ||
| 500 | _ac. 2. Dizin ve tıpkıbasım = Index and facsimile. | ||
| 500 | _aKaynakça ve dizin var. | ||
| 650 | 0 |
_aFars dili--Gramer. _961978 |
|
| 650 | 0 |
_aFars dili--Ansiklopediler ve sözlükler--Türkçe. _9124188 |
|
| 650 | 0 |
_aPersian language--Dictionaries--Turkish. _961098 |
|
| 650 | 0 |
_aPersian language--Grammar. _961977 |
|
| 830 | 1 |
_aDoğu dilleri ve edebiyatlarının kaynakları ; _v75-76. _985097 |
|
| 830 | 1 |
_a Türkçe kaynaklar ; _v65-66 = _a Sources of Oriental languages and literatures ; _v75-76. _9124189 |
|
| 830 | 1 |
_a Turkish sources ; _v65-66 _9124190 |
|
| 907 | _aEdebiyat | ||
| 942 |
_2lcc _cBK |
||
| 999 |
_c66325 _d66325 |
||